[Event "Vlissingen HZ op 24th"]
[Site "Vlissingen"]
[Date "2022.08.09"]
[Round "5"]
[White "Bakker, Jouke"]
[Black "Haak, Eelco"]
[Result "1-0"]
[WhiteElo "2113"]
[BlackElo "1933"]
[PlyCount "107"]
[EventDate "2022.08.06"]
[EventType "swiss"]
[EventRounds "9"]
[EventCountry "NED"]
[SourceTitle "CBM 209 Extra"]
[Source "ChessBase"]
[SourceDate "2022.09.30"]
[SourceVersion "1"]
[SourceVersionDate "2022.09.30"]
[SourceQuality "1"]

1. e4 e6 2. d4 d5 3. Nd2 Nf6 4. e5 Nfd7 5. Bd3 c5 6. c3 Nc6 7. Ne2 cxd4 8. cxd4 f6 9. exf6 Nxf6 10. 0-0 Bd6 11. Nf3 0-0 12. Bf4 Bxf4 13. Nxf4 Qd6 14. Ne2 Bd7 15. Ng3 Rae8 16. Bb5 Ne7 17. Bxd7 Nxd7 18. Qd2 Nc6 19. Rad1 Rf6 20. Rfe1 Qb4 21. Qxb4 Nxb4 22. Re3 Nc6 23. Nf1 h6 24. Rb3 Rb8 25. Ne3 Rf4 26. h3 Nf6 27. Nc2 Ne4 28. Nb4 Nxb4 29. Rxb4 Rf7 30. Rc1 b6 31. Rc6 Re8 32. Rb3 g5 33. Re3 h5 34. Ne5 Rg7 35. f3 Ng3 36. Kf2 Nf5 37. Rd3 h4 38. Rd2 Rge7 39. Ke2 Rd8 40. Kd3 Nd6 41. Rdc2 Kg7 42. b3 Kf6 43. Rc7 Rde8 44. R2c6 Nf7 45. Nd7+ Kf5 46. Rxa7 Kf4 47. Rac7 Kg3 48. Nf6 Rxc7 49. Rxc7 Rf8 50. Nh7 Rg8 51. Rxf7 Kxg2 52. Nf6 Rg6 53. Ke3 Kxh3 54. Kf2 1-0

[Event "NED-ch U20 op"]
[Site "Borne"]
[Date "2013.08.07"]
[Round "5"]
[White "Smit, Maarten"]
[Black "Bakker, Jouke"]
[Result "0-1"]
[WhiteElo "1764"]
[BlackElo "1931"]
[PlyCount "40"]
[EventDate "2013.08.05"]
[EventType "swiss"]
[EventRounds "9"]
[EventCountry "NED"]
[SourceTitle "EXT 2015"]
[Source "ChessBase"]
[SourceDate "2014.11.20"]
[SourceVersion "1"]
[SourceVersionDate "2014.11.20"]
[SourceQuality "1"]

1. e4 e6 2. d4 d5 3. e5 c5 4. c3 Nc6 5. Nf3 Qb6 6. a3 Bd7 7. b4 cxd4 8. cxd4 Rc8 9. Bb2 Nge7 10. Bd3 Ng6 11. 0-0 Be7 12. Nc3 Nxd4 13. Nxd4 Qxd4 14. Bxg6 Qxd1 15. Bxf7+ Kxf7 16. Rfxd1 Rc4 17. Rac1 Bg5 18. f4 Bxf4 19. Rf1 Ke8 20. Rcd1 Bxe5 0-1

[Event "NED-ch U17"]
[Site "Haarlem"]
[Date "2012.04.28"]
[Round "1"]
[White "Beukema, Stefan"]
[Black "Bakker, Jouke"]
[Result "1-0"]
[WhiteElo "2245"]
[BlackElo "1864"]
[PlyCount "41"]
[EventDate "2012.04.28"]
[EventType "swiss"]
[EventRounds "9"]
[EventCountry "NED"]
[SourceTitle "EXT 2013"]
[Source "ChessBase"]
[SourceDate "2012.11.22"]
[SourceVersion "1"]
[SourceVersionDate "2012.11.22"]
[SourceQuality "1"]

1. e4 b6 2. d4 Bb7 3. Nc3 e6 4. Nf3 Bb4 5. e5 Ne7 6. a3 Bxc3+ 7. bxc3 d6 8. Bd3 Nd7 9. exd6 cxd6 10. 0-0 Rc8 11. Ng5 Nf6 12. Re1 Rxc3 13. Bb5+ Kf8 14. Bb2 Rc7 15. d5 Nfxd5 16. Rxe6 h6 17. Qh5 g6 18. Qh4 Nc3 19. Qd4 Kg8 20. Bxc3 Rxc3 21. Qxh8+ 1-0

[Event "Enschede op-C U14"]
[Site "Enschede"]
[Date "2009.08.05"]
[Round "6"]
[White "Ratsma, Rosa"]
[Black "Bakker, Jouke"]
[Result "1-0"]
[WhiteElo "1699"]
[BlackElo "1651"]
[PlyCount "67"]
[EventDate "2009.08.03"]
[EventType "swiss"]
[EventRounds "7"]
[EventCountry "NED"]
[SourceTitle "CBM 132 Extra"]
[Source "ChessBase"]
[SourceDate "2009.11.03"]
[SourceVersion "1"]
[SourceVersionDate "2009.11.03"]
[SourceQuality "1"]

1. e4 Nf6 2. e5 Nd5 3. c4 Nb6 4. d4 d6 5. f4 dxe5 6. fxe5 Nc6 7. Nf3 Bg4 8. Be3 e6 9. Nc3 Be7 10. Bf2 Qd7 11. Qd2 0-0-0 12. Rd1 f6 13. Qf4 Bxf3 14. Qxf3 Rhf8 15. Qh3 Bb4 16. Be2 Na4 17. 0-0 Nxb2 18. Rb1 Nxd4 19. Rxb2 Ba3 20. Rd2 Nf3+ 21. Qxf3 Qxd2 22. Nb1 Qxa2 23. Nxa3 fxe5 24. Qe3 Rd2 25. Bf3 e4 26. Qxa7 Kd7 27. Bxe4 b6 28. Qa4+ Kc8 29. Bc6 Kd8 30. Bh4+ Rf6 31. Bxf6+ gxf6 32. Rd1 Qb2 33. Rxd2+ Qxd2 34. Qa8+ 1-0

[Event "Enschede op-C U14"]
[Site "Enschede"]
[Date "2009.08.04"]
[Round "2"]
[White "Bakker, Jouke"]
[Black "Maris, Ivo"]
[Result "0-1"]
[WhiteElo "1651"]
[BlackElo "1884"]
[PlyCount "58"]
[EventDate "2009.08.03"]
[EventType "swiss"]
[EventRounds "7"]
[EventCountry "NED"]
[SourceTitle "CBM 132 Extra"]
[Source "ChessBase"]
[SourceDate "2009.11.03"]
[SourceVersion "1"]
[SourceVersionDate "2009.11.03"]
[SourceQuality "1"]

1. e4 e5 2. Nf3 d6 3. Bc4 Be7 4. Nc3 Nf6 5. d4 exd4 6. Nxd4 0-0 7. 0-0 Re8 8. Re1 Bf8 9. Bg5 Nbd7 10. f4 c6 11. a4 g6 12. f5 Bg7 13. fxg6 hxg6 14. Nf3 Qb6+ 15. Be3 Qc7 16. Ng5 Ne5 17. Bb3 Nfg4 18. Bd4 d5 19. h3 Bh6 20. Bxe5 Rxe5 21. Nf3 Qb6+ 22. Nd4 Be3+ 23. Rxe3 Nxe3 24. Qd3 Nc4 25. Bxc4 dxc4 26. Qxc4 Be6 27. Qd3 Rd8 28. Nce2 c5 29. Qg3 cxd4 0-1

[Event "NED-ch U15"]
[Site "Venlo"]
[Date "2009.04.26"]
[Round "3"]
[White "Bakker, Jouke"]
[Black "Maris, Ivo"]
[Result "0-1"]
[WhiteElo "1733"]
[BlackElo "1862"]
[PlyCount "94"]
[EventDate "2009.04.24"]
[EventType "swiss"]
[EventRounds "9"]
[EventCountry "NED"]
[SourceTitle "EXT 2013"]
[Source "ChessBase"]
[SourceDate "2012.11.22"]
[SourceVersion "1"]
[SourceVersionDate "2012.11.22"]
[SourceQuality "1"]

1. e4 e5 2. Nf3 d6 3. h3 Nc6 4. Bc4 Be7 5. Nc3 Nf6 6. d3 0-0 7. a3 Be6 8. Bxe6 fxe6 9. Qe2 Re8 10. 0-0 Bf8 11. Bg5 d5 12. Bxf6 gxf6 13. Rad1 Qd7 14. Nh4 Rad8 15. Qg4+ Kh8 16. f4 Bc5+ 17. Kh1 Rg8 18. Qe2 exf4 19. Rxf4 Bd6 20. Rff1 Qg7 21. d4 Qh6 22. Nf3 Ne7 23. e5 Nf5 24. Qf2 Ng3+ 25. Kg1 Nxf1 26. Kxf1 fxe5 27. dxe5 Be7 28. Qxa7 Rdf8 29. Qd4 Rxf3+ 30. gxf3 Qxh3+ 31. Ke1 Rg2 32. Ne2 Qxf3 33. Qd3 Bh4+ 34. Kd2 Bg5+ 35. Kc3 Qxe2 36. Qxe2 Rxe2 37. Rf1 Kg7 38. Rg1 Kh6 39. Rf1 Kg6 40. Rf8 Rxe5 41. Rc8 h5 42. Rxc7 h4 43. Rxb7 h3 44. Rb8 h2 45. Rh8 Bh6 46. a4 h1Q 47. b4 Bd2+ 0-1

[Event "NED-ch U15"]
[Site "Venlo"]
[Date "2009.04.25"]
[Round "2"]
[White "Evengroen, Bernard"]
[Black "Bakker, Jouke"]
[Result "1-0"]
[WhiteElo "1532"]
[BlackElo "1733"]
[PlyCount "71"]
[EventDate "2009.04.24"]
[EventType "swiss"]
[EventRounds "9"]
[EventCountry "NED"]
[SourceTitle "EXT 2013"]
[Source "ChessBase"]
[SourceDate "2012.11.22"]
[SourceVersion "1"]
[SourceVersionDate "2012.11.22"]
[SourceQuality "1"]

1. e4 Nf6 2. e5 Nd5 3. c4 Nb6 4. c5 Nd5 5. Bc4 e6 6. d4 d6 7. cxd6 cxd6 8. Nf3 dxe5 9. dxe5 Bb4+ 10. Bd2 Qa5 11. Bxd5 Bxd2+ 12. Qxd2 Qxd2+ 13. Nbxd2 exd5 14. 0-0 0-0 15. Nb3 b6 16. Nbd4 a6 17. Rac1 Nd7 18. Nc6 Re8 19. Rfe1 Nc5 20. Rcd1 Bb7 21. Ncd4 h6 22. Nf5 Rad8 23. N3d4 Kh7 24. Nd6 Re7 25. N4f5 Rc7 26. Nxb7 Nxb7 27. Rd2 g6 28. Ne3 Rcd7 29. Ng4 Kg7 30. Red1 Nc5 31. Nf6 Ne4 32. Nxe4 Rc7 33. f4 Rdc8 34. Nd6 Rf8 35. Rxd5 Rd8 36. Nf5+ 1-0

[Event "NED-ch U15"]
[Site "Venlo"]
[Date "2009.04.24"]
[Round "1"]
[White "Bakker, Jouke"]
[Black "Meng, Roger"]
[Result "0-1"]
[WhiteElo "1733"]
[BlackElo "1994"]
[PlyCount "121"]
[EventDate "2009.04.24"]
[EventType "swiss"]
[EventRounds "9"]
[EventCountry "NED"]
[SourceTitle "EXT 2013"]
[Source "ChessBase"]
[SourceDate "2012.11.22"]
[SourceVersion "1"]
[SourceVersionDate "2012.11.22"]
[SourceQuality "1"]

1. e4 c5 2. c3 d5 3. exd5 Qxd5 4. d4 Nc6 5. Nf3 Bg4 6. Be2 e6 7. h3 Bh5 8. Be3 Nf6 9. dxc5 Qxd1+ 10. Bxd1 Nd5 11. b4 Nxe3 12. fxe3 a5 13. Ba4 Be7 14. Nbd2 axb4 15. Bxc6+ bxc6 16. cxb4 Bf6 17. Nd4 Bh4+ 18. Kf1 Ra3 19. Nc4 Rc3 20. Nd6+ Kd7 21. g4 Bg6 22. Nf3 Bf6 23. Rd1 Kc7 24. h4 Rxe3 25. Kf2 Ra3 26. Rd2 Bc3 27. h5 Bxd2 28. hxg6 Rxf3+ 29. Kxf3 fxg6 30. a3 h6 31. Ke2 Bf4 32. Nc4 Rd8 33. Rd1 Rxd1 34. Kxd1 h5 35. Ke2 h4 36. Kf3 g5 37. Nb2 e5 38. Nd3 h3 39. Nf2 h2 40. Kg2 Bc1 41. a4 Ba3 42. Kxh2 Bxb4 43. Ne4 Kd7 44. Kg3 Ke6 45. Nxg5+ Kd5 46. Kf3 Bxc5 47. Ne4 Bb4 48. Ke3 c5 49. Nf2 c4 50. Ke2 Kd4 51. Nd1 c3 52. Ne3 Ba5 53. Nf5+ Ke4 54. Ne3 Kf4 55. Nd5+ Kxg4 56. Kd3 Kf3 57. Ne7 e4+ 58. Kc2 e3 59. Nc6 e2 60. Ne5+ Kf2 61. Nd3+ 0-1

[Event "NED-ch U13"]
[Site "Rijswijk"]
[Date "2008.05.02"]
[Round "5"]
[White "Bakker, Jouke"]
[Black "Rahangmetan, Derek Jan"]
[Result "1-0"]
[WhiteElo "1372"]
[BlackElo "1131"]
[PlyCount "63"]
[EventDate "2008.05.01"]
[EventType "swiss"]
[EventRounds "9"]
[EventCountry "NED"]
[SourceTitle "EXT 2010"]
[Source "ChessBase"]
[SourceDate "2010.11.25"]
[SourceVersion "1"]
[SourceVersionDate "2010.11.25"]
[SourceQuality "1"]

1. e4 e5 2. Nf3 Nc6 3. Bc4 Nf6 4. Nc3 Nxe4 5. Bxf7+ Kxf7 6. Nxe4 h6 7. d3 d5 8. Ng3 Bg4 9. h3 Be6 10. 0-0 Bd6 11. Nh2 Rf8 12. f4 Kg8 13. f5 Bd7 14. Qg4 g5 15. Qh5 Qf6 16. Ng4 Qg7 17. Nxh6+ Kh7 18. Nf7+ Kg8 19. Nxd6 cxd6 20. Bxg5 Rf7 21. f6 Qf8 22. Qg6+ Kh8 23. Bh6 Qg8 24. Bg7+ Rxg7 25. fxg7+ Qxg7 26. Qh5+ Qh7 27. Qxh7+ Kxh7 28. Rf7+ Kh6 29. Rxd7 Rg8 30. Rxd6+ Kh7 31. Nf5 d4 32. Rh6# 1-0

[Event "Twente Young Master op-D"]
[Site "Twente"]
[Date "2007.08.08"]
[Round "7"]
[White "Bakker, Jouke"]
[Black "Van der Werff, Frank"]
[Result "1/2-1/2"]
[WhiteElo "1415"]
[BlackElo "1523"]
[PlyCount "154"]
[EventDate "2007.08.06"]
[EventType "swiss"]
[EventRounds "13"]
[EventCountry "NED"]
[SourceTitle "EXT 2008"]
[Source "ChessBase"]
[SourceDate "2007.11.25"]
[SourceVersion "1"]
[SourceVersionDate "2007.11.25"]
[SourceQuality "1"]

1. e4 c5 2. Nf3 d6 3. Nc3 g6 4. d4 cxd4 5. Nxd4 Bg7 6. Bb5+ Bd7 7. Bxd7+ Nxd7 8. Be3 Ngf6 9. 0-0 0-0 10. Re1 Rc8 11. Qd2 Re8 12. Rad1 Ne5 13. b3 a6 14. h3 Qc7 15. Nce2 Nxe4 16. Qc1 Qa5 17. a4 Nd7 18. Nf3 Ndc5 19. Qb1 Qc7 20. Bd4 e5 21. Bb2 Ne6 22. c4 N6c5 23. Ba3 Nf6 24. Nc3 Red8 25. Nd5 Nxd5 26. Rxd5 f5 27. Bxc5 dxc5 28. Red1 Rxd5 29. Rxd5 e4 30. Ne1 Bd4 31. b4 b6 32. Nc2 Rd8 33. bxc5 Bxc5 34. Nb4 a5 35. Rxd8+ Qxd8 36. Nd5 g5 37. Qb5 Kf7 38. Qc6 f4 39. Qh6 Kg8 40. Qe6+ Kg7 41. Qxe4 Qd6 42. Qf5 h6 43. Qg4 Kg6 44. h4 Qe5 45. h5+ Kh7 46. Qd7+ Kh8 47. Qd8+ Kg7 48. Qd7+ Kh8 49. Qc8+ Kh7 50. Qd7+ Kh8 51. Qd8+ Kg7 52. Qd7+ Kh8 53. Qf7 Qg7 54. Qe8+ Qg8 55. Qe5+ Qg7 56. Qb8+ Kh7 57. Qc7 Qxc7 58. Nxc7 Kg7 59. Kf1 Kf6 60. f3 Ke5 61. Nb5 Kf5 62. Ke2 g4 63. Nc7 g3 64. Nd5 Kg5 65. Kd3 Kf5 66. Kd2 Ke5 67. Kc3 Kf5 68. Kd2 Ke5 69. Kd3 Bf2 70. Ne7 Bc5 71. Ng6+ Kf5 72. Ke2 Bd6 73. Nh8 Bc5 74. Ng6 Be3 75. Ne7+ Kg5 76. Nd5 Bc5 77. Kd3 Kf5 1/2-1/2